Biggest Cities in Gisborne Region - Statistics

General Stats
  • This quiz has been taken 19 times
  • The average score is 4 of 9
Answer Stats
Population Settlement % Correct
35,500 Gisborne
100%
180 Hicks Bay
50%
830 Ruatoria
50%
840 Tolaga Bay
50%
470 Tokomaru Bay
38%
180 Te Araroa
31%
550 Te Karaka
19%
420 Manutuke
13%
350 Patutahi
13%
No matching quizzes found
Score Distribution
Percent of People with Each Score
Percentile by Number Answered
Your Score History
You have not taken this quiz